Texas politics /

Bibliographic Details
Main Author: Kraemer, Richard H.
Other Authors: Newell, Charldean
Format: Book
Language:English
Published: St. Paul : West Pub., [1984]
Edition:2nd ed.
Subjects:

MARC

Tag First Indicator Second Indicator Subfields
LEADER 00000pam a2200000 a 4500
001 in00000554607
005 20151014051919.0
008 831011s1984 mnua b 00110 eng
010 |a  83021791  
020 |a 0314780076 (pbk.) :  |c $14.95 
035 |a (OCoLC)10072324 
035 |9 ACJ6734AM 
039 0 |a 2  |b 3  |c 3  |d 3  |e 3 
040 |a DLC  |c DLC  |d TXA  |d UtOrBLW 
043 |a n-us-tx 
049 |a TXAM  |c [A08280499] 
050 0 0 |a JK4816  |b .K7 1984 
082 0 |a 320.9764  |2 19 
100 1 |a Kraemer, Richard H. 
245 1 0 |a Texas politics /  |c Richard H. Kraemer, Charldean Newell. 
250 |a 2nd ed. 
264 1 |a St. Paul :  |b West Pub.,  |c [1984] 
264 4 |c ©1984 
300 |a xii, 406 pages :  |b illustrations ;  |c 25 cm. 
336 |a text  |b txt  |2 rdacontent 
337 |a unmediated  |b n  |2 rdamedia 
338 |a volume  |b nc  |2 rdacarrier 
504 |a Includes bibliographical references and index. 
651 0 |a Texas  |x Politics and government  |y 1951- 
700 1 |a Newell, Charldean. 
999 |a MARS 
999 f f |s d5d370b2-1e07-3ea5-8721-8bbcd16d6e8f  |i c35723be-f0e0-3ae4-af5c-bc2eb37aba1f  |t 0